| 000 | 00876cam a2200241 4500 | ||
|---|---|---|---|
| 001 | ABS61449 | ||
| 008 | 000000n1999 000 0 eng u | ||
| 035 | _a(Sirsi) u100490 | ||
| 100 | _aLo, W. | ||
| 245 | _aEffects of high prequalification requirements | ||
| 260 | _c1999 | ||
| 490 |
_aConstruction Management and Economics _v17(5) September 1999, 603-612(10) |
||
| 520 | _aStudy finds that an improper design of prequalification requirements affects the progress and cost of projects. Results are based on an analysis of data from thirty Taipei Mass Rapid Transit projects, and numerous interviews. | ||
| 590 | _aABS | ||
| 650 | _aPREQUALIFICATION REQUIREMENTS | ||
| 650 | _aECONOMIC DEVELOPMENT | ||
| 650 | _aPOLICY | ||
| 650 | _aCONTRACTORS | ||
| 650 | _aGROWTH | ||
| 650 | _aTAIPEI MASS RAPID TRANSIT | ||
| 690 |
_aProject management _96261 |
||
| 942 | _n0 | ||
| 999 |
_c60120 _d60120 |
||